| 000 | 00449nam a2200157 a 4500 | ||
|---|---|---|---|
| 001 | 000042566 | ||
| 005 | 20201002040235.0 | ||
| 008 | 140128s2009 sp ac r 001 0 spa d | ||
| 020 | _a8437009299623 | ||
| 040 |
_aDO-SdBNP _bspa _cBNPHU |
||
| 245 | 0 | 0 |
_aAnagrama : _b40 años 1969 - 2009. |
| 260 |
_aBarcelona, España : _bAnagrama, _c2009. |
||
| 300 |
_a354 p. : _bil., retrs. ; _c21 cm. |
||
| 500 | _aIncluye índice | ||
| 590 | _aInventariado, 2019/BT | ||
| 999 |
_c42055 _d42055 |
||